Statistiques concernant Devinez le Département Mystère #77

Cliquez ici pour prendre le quiz!

Statistiques générales

  • Ce quiz a été pris 112 fois
  • Le résultat moyen est 26 sur 34

Statistiques - réponses

Type de RéponseRéponse% Correct
Lettre TrouvéeE
100%
Lettre TrouvéeO
100%
Lettre de l'AlphabetR
100%
Lettre de l'AlphabetI
99%
Lettre de l'AlphabetN
99%
Lettre TrouvéeA
98%
Lettre de l'AlphabetS
96%
Lettre de l'AlphabetD
95%
Lettre de l'AlphabetL
95%
Lettre TrouvéeT
95%
Lettre de l'AlphabetH
93%
Lettre de l'AlphabetU
91%
Lettre de l'AlphabetC
89%
Lettre de l'AlphabetV
89%
Lettre de l'AlphabetG
84%
Lettre Bien PlacéeE
79%
Lettre TrouvéeM
78%
Lettre TrouvéeY
77%
Lettre de l'AlphabetB
76%
Lettre de l'AlphabetF
73%
Lettre Bien PlacéeO
71%
Lettre de l'AlphabetP
71%
Lettre de l'AlphabetJ
60%
Lettre de l'AlphabetX
60%
Lettre de l'AlphabetZ
59%
Lettre Bien PlacéeM
58%
Lettre de l'AlphabetQ
58%
Lettre Bien PlacéeA
56%
Lettre Bien PlacéeY
56%
Lettre de l'AlphabetK
54%
Département MystèreMayotte
54%
Lettre Bien PlacéeT
54%
Lettre Bien PlacéeT
54%
Lettre de l'AlphabetW
54%

Distribution des résultats

Percentile par nombre de réponses

% des personnes avec chaque résultat

Votre développement - résultats

Vous n’avez pas pris ce quiz